000 01325nam a2200349 i 4500
003 CO-BoRNBP
005 20230404160259.0
007 ta
008 211027s2021 ck a ||ar ||| 00| 1dspa d
020 _a9789585350977
040 _aCO-BoRNBP
_bspa
_erda
_cCO-BoRNBP
041 0 _aspa
043 _as-ag---
084 _aA DEL13
100 1 _aDe Luca, Luciana Mercedes
_d1978-
_eautora
_91021
245 1 0 _aAmor, amor
_ctexto Luciana De Luca ; ilustraciones Ana Sanfelippo
250 _aEdición especial
264 1 _aMedellín, Colombia
_bAS Ediciones
_bPeriplo Ediciones
_c2021
300 _a[16] páginas sin numerar
_bilustraciones a color
_c15 cm
336 _atexto
_btxt
_2rdacontent
337 _asin mediación
_bn
_2rdamedia
338 _avolumen
_bnc
_2rdacarrier
490 0 _aPlan Nacional de Lectura y Escritura Leer es mi Cuento / Ministerio de Cultura
521 _aRecomendado para un público infantil mayor de 3 años
650 1 7 _aÁlbumes infantiles argentinos
_ySiglo XXI
_2LEMB
_91022
650 1 7 _aLiteratura infantil argentina
_ySiglo XXI
_2LEMB
_91023
650 1 7 _aAutores argentinos
_ySiglo XXI
_2LEMB
_91024
650 1 7 _aAfecto (Psicología)
_vÁlbum
_2LEMB
_9793
650 1 7 _aEmociones infantiles
_vÁlbum
_2LEMB
_9794
700 1 _aSanfelippo, Ana
_d1982-
_eilustradora
_91025
942 _cBKLIT
_2ddc
999 _c9349
_d9349